Elemente nach Bild bestimmen - Statistiken

Allgemein
  • Dieses Quiz wurde 43 mal gespielt
  • Das Durchschnittsergebnis liegt bei 5 aus 10
Antwortstatistiken
Bildquiz Antwort % Korrekt
Gold
100%
Silber
97%
Schwefel
79%
Lithium
74%
Neon
74%
Chlor
44%
Phosphor
41%
Calcium
15%
Germanium
3%
Graphit
0%
Keine übereinstimmenden Quizze gefunden
Verteilung der Resultate
Anzahl Personen mit jedem Resultat
Perzentil nach korrekt beantworteten Fragen
Ihre Resultats-Entwicklung
Sie haben dieses Quiz noch nicht gespielt